Statistics for Countries With the Lowest Elevation on Average

Click here to take the quiz!

General Stats

  • This quiz has been taken 20 times
  • The average score is 4 of 10

Answer Stats

Average ElevationAnswer% Correct
30 meters (98 feet)Netherlands
89%
1.8 meters (6 feet)Maldives
83%
85 meters (279 feet)Bangladesh
50%
34 meters (112 feet)Denmark
50%
61 meters (200 feet)Estonia
33%
28 meters (92 feet)Qatar
33%
83 meters (272 feet)Trinidad and Tobago
28%
34 meters (112 feet)Gambia
22%
70 meters (230 feet)Guinea Bissau
22%
69 meters (226 feet)Senegal
22%

Score Distribution

Percentile by Number Answered

Percent of People with Each Score

Your Score History

You have not taken this quiz